000 00522nam a2200169 i 4500
001 87054
003 ES-MaACL
005 20230906175600.0
007 t|
008 041217s1965 sp ||||1| spa d
100 1 _aKorompai, José.
_968608
245 1 0 _aDios en la enfermedad
_b: pensamientos en un enfermo /
_cJosé Korompai ; versión española de Pedro Recuenco.
260 _aMadrid :
_bStudium,
_c[1965]
300 _a140 p. ;
_c18 cm.
700 1 _aRecuenco, Pedro.
_995783
852 _aES-MaACL
_jC-28209
_bR.57556
999 _c87054
_d87054